| 000 | 00815nam a2200301Ia 4500 | ||
|---|---|---|---|
| 005 | 20251020182446.0 | ||
| 008 | 200515s9999 xx 000 0 und d | ||
| 020 | _a958-97371-6-1 | ||
| 082 | _a550.39/G21 | ||
| 100 | _aGallego Silva, Mauricio | ||
| 100 | _aSarria Molina, Alberto | ||
| 245 | 0 | _aEl Concreto y los Terremotos : Conceptos, Comportamiento, Patología y Rehabilitación | |
| 250 | _a1a ed. | ||
| 260 | _aBogotá, D.C. | ||
| 260 | _bAsocreto | ||
| 260 | _c2006 | ||
| 300 | _a301 p. | ||
| 300 | _bil., tbl., graf., fot., col. | ||
| 500 | _a1 ejemplar | ||
| 650 | _aCOMPORTAMIENTO DEL CONCRETO | ||
| 650 | _aCONCRETO REFORZADO | ||
| 650 | _aDESASTRES | ||
| 650 | _aDISEÑO SISMORESISTENTE | ||
| 650 | _aINGENIERIA SISMICA | ||
| 650 | _aTERREMOTOS | ||
| 942 | _cLIB | ||
| 999 |
_c708 _d708 |
||